000 00515nam a2200181Ia 4500
008 191130s1996##################000#0#eng##
020 _a9781905775330
040 _aACL
_cACL
082 _a823.0083 McC
100 _aMcCourt, Frank
245 _aAngela's ashes
_cFrank McCourt
260 _aLondon
_bScholastic Publications
_c1996
300 _a88 p. : ill. . 20 cm. + 1 sound disc (CD)
650 _aShort story
990 _a5e0aad68ac10000c0226af64e57cf0a6
991 _a27765
999 _c245106
_d245106